000 00664nam a2200229Ia 4500
003 OSt
005 20220928102837.0
006 a|||||r|||| 00| 0
007 ta
008 220927b |||||||| |||| 00| 0 eng d
024 _a8189
037 _cTextual
040 _aSDCL
_cSDCL
_beng
041 _2eng
_aeng
082 _aV2y7M91, P7
100 _aPaswan Rachardra 'Snehi'
_9400737
245 0 _aSangharsh
_b Baba sahib ka jeevan swaroop 14-04-1891 Se 06-12-1956.
260 _aNew Delhi
_bPrakashion Sansthan
_c2007
300 _a184p
_ccm.
942 _hV2y7M91, P7
_cTEXL
_2CC
999 _c716634
_d716634